000 00547nam a22002057a 4500
999 _c1680
_d1680
003 OSt
005 20210315131836.0
008 150430b xxu||||| |||| 00| 0 eng d
020 _a0851989489
040 _c040a
082 _a333.73094
_bCON 1994
100 _aRickson, R. J
_94436
245 _aConserving Soil Resources:
_bEuropean perspectives
260 _bCambridge university press
_c1994
300 _ax, 421p ;
_bill :
_c14 cm.
504 _aincludes index
650 _aSoil
_94435
650 _aAgriculture
_94591
942 _2ddc
_cSLOAN